| 000 | 00586nam a22001217a 4500 | ||
|---|---|---|---|
| 082 |
_a343.052 _bCOM |
||
| 245 |
_aCompendium of Tax Laws (Containing Bare Acts Only): _bincome tax ordinance, 2001; Income tax rules, 2002; sales tax act, 1990; sales tax rules, 2006; federal excise act, 2005; federal excise rules, 2005; important notifications, circulars, etc. / _cS.M. Salam & G.M. Publications |
||
| 260 |
_aIslamabad : _bS.A. Salam & G.M. Publications, _c2024. |
||
| 300 |
_a1176 p. ; _c24 cm. |
||
| 563 | _aHardcover. | ||
| 650 |
_aLaw, Compendium of Tax Laws _9126281 |
||
| 942 |
_2ddc _cBK |
||
| 999 |
_c611991 _d611991 |
||